| 000 | 01131cam a22003493a 4500 | ||
|---|---|---|---|
| 001 | 13290 | ||
| 003 | PGUSA | ||
| 005 | 20140828083303.0 | ||
| 008 | 040825s2004||||xxu|||||s|||||000 1 eng d | ||
| 040 |
_aPGUSA _beng |
||
| 042 | _adc | ||
| 050 | 4 | _aPZ | |
| 100 | 1 |
_aBallantyne, R. M. _q(Robert Michael), _d1825-1894 |
|
| 245 | 1 | 0 |
_aMartin Rattler _h[electronic resource] / _cR. M. Ballantyne |
| 260 |
_bProject Gutenberg, _c2004 |
||
| 506 | _aPublic domain in the USA. | ||
| 516 | _aElectronic text | ||
| 653 | _aAdventure stories | ||
| 653 | _aOutdoor life -- Juvenile fiction | ||
| 653 | _aSailors -- Juvenile fiction | ||
| 653 | _aOrphans -- Juvenile fiction | ||
| 653 | _aBrazil -- Juvenile fiction | ||
| 653 | _aSurvival skills -- Juvenile fiction | ||
| 653 | _aNatural history -- Juvenile fiction | ||
| 653 | _aConduct of life -- Juvenile fiction | ||
| 653 | _aAunts -- Juvenile fiction | ||
| 653 | _aYoung men -- Conduct of life -- Juvenile fiction | ||
| 653 | _aFriendship -- Juvenile fiction | ||
| 830 | 0 |
_aProject Gutenberg _v13290 |
|
| 856 | 4 | 0 | _uhttp://www.gutenberg.org/ebooks/13290 |
| 942 | _cEB | ||
| 999 |
_c242545 _d242545 |
||